000 02126nam1a2200397 i 4500
001 RU\NLR\BIBL_A\05121438
005 20260406161751.0
035 _a(NLR Aleph) 005121438
090 _a7597737
_c7597737
100 _a20081111d1904 m y0rusy50 ca
101 0 _arus
_afre
102 _aRU
105 _ac z z
200 1 _aАльбом костюмированного бала в Зимнем дворце в феврале 1903 г.
_dAlbum du bal costumé au Palais d'hiver février 1903
_e21 гелиогравюра и 174 светопечати
_e[в 10 вып.]
_zfre
210 _aС.-Петербург
_cЭкспедиция заготовления государственных бумаг
_d1904
215 _d48
300 _aНа обл.: В пользу русских воинов на Дальнем Востоке
300 _aПоясн. текст парал. на рус. и фр. яз.
316 _aЭкз. РНБ на шифре 37.9.1-2.10 (1-10) переплетены в 2 тома по 5 выпусков
_5NLR: 37.9.1-2.10 (1-10)
510 1 _zfre
_aAlbum du bal costumé au Palais d'hiver février 1903
606 1 _aБалы
_jАльбомы
_yСанкт-Петербург, город
_z1903
_92308780
_3RU\NLR\AUTH\661381877
606 _aКостюм
_jАльбомы
_xв фотографии художественной русской
_z19 - 20 вв.
_92312454
_3RU\NLR\AUTH\6601609409
606 1 _aКостюм карнавальный русский
_jАльбомы
_yСанкт-Петербург, город
_z1903
_92312479
_3RU\NLR\AUTH\6601609421
620 _aRU
_dСанкт-Петербург
686 1 _aТ3(2)52-75я61
686 1 _aЩ163(2Р=Рус)53-3я61
686 0 _aЩ126.643(2Р=Рус)53-629Санкт-Петербург
_2rubbk
711 0 2 _aЗимний дворец
_cПетербург
_3RU\NLR\AUTH\889933139
_9361460
801 0 _aRU
_bNLR
_gpsbo
801 1 _aRU
_bProSoft-M
_2rusmarc
801 2 _aRU
_bNLR
_c20170117
_2rusmarc
852 _aNLR
_j37.9.1-2.10 (1-10)
942 _cBOOK